The big book on small groups / (Record no. 4904)
[ view plain ]
| 000 -LEADER | |
|---|---|
| fixed length control field | 00747cam a2200253 a 4500 |
| 001 - CONTROL NUMBER | |
| control field | 24546550 |
| 003 - CONTROL NUMBER IDENTIFIER | |
| control field | OCoLC |
| 005 - DATE AND TIME OF LATEST TRANSACTION | |
| control field | 20181217184943.0 |
| 008 - FIXED-LENGTH DATA ELEMENTS--GENERAL INFORMATION | |
| fixed length control field | 921001s1992 ilu 000 0 eng |
| 010 ## - LIBRARY OF CONGRESS CONTROL NUMBER | |
| LC control number | 91037115 |
| 020 ## - INTERNATIONAL STANDARD BOOK NUMBER | |
| International Standard Book Number | 0830813772 |
| 040 ## - CATALOGING SOURCE | |
| Original cataloging agency | DLC |
| Transcribing agency | DLC |
| Modifying agency | ATH |
| 050 00 - LIBRARY OF CONGRESS CALL NUMBER | |
| Classification number | BV652.2 |
| Item number | .A76 1992 |
| 082 ## - DEWEY DECIMAL CLASSIFICATION NUMBER | |
| Classification number | 253.7 |
| Item number | AR752B |
| 100 1# - MAIN ENTRY--PERSONAL NAME | |
| Personal name | Arnold, Jeffrey. |
| 245 14 - TITLE STATEMENT | |
| Title | The big book on small groups / |
| Statement of responsibility, etc. | Jeffrey Arnold ; [some of the Bible studies were authored by Stephanie Black]. |
| 260 ## - PUBLICATION, DISTRIBUTION, ETC. | |
| Place of publication, distribution, etc. | Downers Grove, Ill. : |
| Name of publisher, distributor, etc. | InterVarsity Press, |
| Date of publication, distribution, etc. | c1992. |
| 300 ## - PHYSICAL DESCRIPTION | |
| Extent | 264 p. ; |
| Dimensions | 23 cm. |
| 630 00 - SUBJECT ADDED ENTRY--UNIFORM TITLE | |
| Uniform title | Bible |
| General subdivision | Study and teaching. |
| 650 #0 - SUBJECT ADDED ENTRY--TOPICAL TERM | |
| Topical term or geographic name entry element | Church group work. |
| 650 #0 - SUBJECT ADDED ENTRY--TOPICAL TERM | |
| Topical term or geographic name entry element | Small groups. |
| 700 1# - ADDED ENTRY--PERSONAL NAME | |
| Personal name | Black, Stephanie. |
| 942 ## - ADDED ENTRY ELEMENTS (KOHA) | |
| Source of classification or shelving scheme | Dewey Decimal Classification |
| Koha item type | Books |
| Withdrawn status | Lost status | Source of classification or shelving scheme | Damaged status | Not for loan | Collection code | Home library | Current library | Shelving location | Date acquired | Cost, normal purchase price | Total Checkouts | Full call number | Barcode | Date last seen | Price effective from | Koha item type |
|---|---|---|---|---|---|---|---|---|---|---|---|---|---|---|---|---|
| Dewey Decimal Classification | Not For Loan | Non-fiction | Harvest Mission College | Harvest Mission College | General Stacks | 17.12.2018 | 190.00 | 253.7 AR752B | 005648 | 17.12.2018 | 17.12.2018 | Books |
